| LEADER | 02615nam a2200385 u 4500 | ||
|---|---|---|---|
| 001 | 10115191 | ||
| 003 | upatras | ||
| 005 | 20210117205304.0 | ||
| 008 | 150217s2012 gr gre | ||
| 020 | |a 9789600115338 | ||
| 040 | |a GR-PaULI |c GR-PaULI | ||
| 041 | 0 | |a gre | |
| 082 | 0 | 4 | |a 401.9 |
| 100 | 1 | |a Αϊδίνης, Αθανάσιος |4 aut |9 19706 | |
| 245 | 1 | 0 | |a Γραμματισμός στην πρώτη προσχολική ηλικία |b μια ψυχογλωσσολογική προσέγγιση |c Αθανάσιος Αϊδίνης |
| 260 | |a Αθήνα |b Gutenberg |c 2012 | ||
| 300 | |a 388 σ. |b σχήμ., πίν. |c 24 εκ. | ||
| 490 | 0 | |a Ψυχολογία |v 36 | |
| 504 | |a Περιλαμβάνει βιβλιογραφία | ||
| 650 | 4 | |a Ψυχογλωσσολογία |9 713 | |
| 760 | 0 | |a Ψυχολογία |g 36 | |
| 852 | |a GR-PaULI |b ΠΑΤΡΑ |b ΒΚΠ |b ΒΣ1 |k ΑΣΧΕ |h 401.9 ΑΙΔ |m 130484 |p 025000248591 |t 1 | ||
| 852 | |a GR-PaULI |b ΠΑΤΡΑ |b ΒΚΠ |b ΒΣ1 |k ΑΣΧΕ |h 401.9 ΑΙΔ |m 130485 |p 025000248590 |t 2 | ||
| 852 | |a GR-PaULI |b ΠΑΤΡΑ |b ΒΚΠ |b ΒΣ1 |k ΑΣΧΕ |h 401.9 ΑΙΔ |m 130486 |p 025000248589 |t 3 | ||
| 852 | |a GR-PaULI |b ΠΑΤΡΑ |b ΒΚΠ |b ΒΣ1 |k ΑΣΧΕ |h 401.9 ΑΙΔ |m 130487 |p 025000248588 |t 4 | ||
| 942 | |2 ddc |c BK15 | ||
| 952 | |0 0 |1 0 |4 0 |6 401_900000000000000_ΑΙΔ |7 0 |9 174320 |a LISP |b LISP |c BSC |d 2016-04-24 |i 130484 |l 7 |m 7 |o 401.9 ΑΙΔ |p 025000248591 |r 2024-05-15 00:00:00 |s 2024-04-03 |t 1 |w 2016-04-24 |y BK15 | ||
| 952 | |0 0 |1 0 |4 0 |6 401_900000000000000_ΑΙΔ |7 0 |9 174321 |a LISP |b LISP |c BSC |d 2016-04-24 |i 130485 |l 7 |m 5 |o 401.9 ΑΙΔ |p 025000248590 |r 2024-10-10 17:50:42 |s 2024-10-04 |t 2 |w 2016-04-24 |y BK15 | ||
| 952 | |0 0 |1 0 |2 ddc |4 0 |6 401_900000000000000_ΑΙΔ |7 0 |9 174322 |a LISP |b LISP |c ALFd |d 2016-04-24 |i 130486 |l 4 |m 2 |o 401.9 ΑΙΔ |p 025000248589 |r 2021-06-08 00:00:00 |s 2021-02-11 |t 3 |w 2016-04-24 |y BK15 | ||
| 952 | |0 0 |1 0 |4 0 |6 401_900000000000000_ΑΙΔ |7 0 |9 174323 |a LISP |b LISP |c BSC |d 2016-04-24 |i 130487 |l 9 |m 5 |o 401.9 ΑΙΔ |p 025000248588 |r 2024-07-12 00:00:00 |s 2023-07-06 |t 4 |w 2016-04-24 |y BK15 | ||
| 952 | |0 0 |1 0 |2 ddc |4 0 |6 401_900000000000000_ΑΙΔ |7 0 |9 217412 |a LISP |b LISP |c ALFd |d 2017-11-21 |i 130452 |l 1 |m 1 |o 401.9 ΑΙΔ |p 025000205832 |r 2019-01-08 00:00:00 |s 2018-11-19 |t 5 |w 2017-11-21 |y BK15 | ||
| 952 | |0 0 |1 0 |2 ddc |4 0 |6 401_900000000000000_ΑΙΔ |7 0 |9 358082 |a LISK |b LISK |c BSC |d 2022-03-21 |i 69750 |l 0 |o 401.9 ΑΙΔ |p 992410069750 |r 2022-03-21 00:00:00 |t 6 |w 2022-03-21 |y BK15 | ||
| 952 | |0 0 |1 0 |2 ddc |4 0 |6 401_900000000000000_ΑΙΔ |7 0 |9 358084 |a LISK |b LISK |c BSC |d 2022-03-21 |i 69749 |l 0 |o 401.9 ΑΙΔ |p 992410069749 |r 2022-03-21 00:00:00 |t 7 |w 2022-03-21 |y BK15 | ||
| 998 | |c ΒΑΣΙΛΕΙΟΥ |d 2015-02 | ||
| 999 | |c 108815 |d 108815 | ||